Biomechanics: Trends in Modeling and Simulation (Запис № 451180)

МАРК-запис
000 -LEADER
fixed length control field 05122nam a22006975i 4500
001 - CONTROL NUMBER
control field 978-3-319-41475-1
003 - CONTROL NUMBER IDENTIFIER
control field DE-He213
005 - DATE AND TIME OF LATEST TRANSACTION
control field 20210118143538.0
007 - PHYSICAL DESCRIPTION FIXED FIELD--GENERAL INFORMATION
fixed length control field cr nn 008mamaa
008 - FIXED-LENGTH DATA ELEMENTS--GENERAL INFORMATION
fixed length control field 160914s2017 gw | s |||| 0|eng d
020 ## - INTERNATIONAL STANDARD BOOK NUMBER
International Standard Book Number 9783319414751
-- 978-3-319-41475-1
024 7# - OTHER STANDARD IDENTIFIER
Standard number or code 10.1007/978-3-319-41475-1
Source of number or code doi
050 #4 - LIBRARY OF CONGRESS CALL NUMBER
Classification number R856-857
050 #4 - LIBRARY OF CONGRESS CALL NUMBER
Classification number HC79.E5
050 #4 - LIBRARY OF CONGRESS CALL NUMBER
Classification number GE220
072 #7 - SUBJECT CATEGORY CODE
Subject category code MQW
Source bicssc
072 #7 - SUBJECT CATEGORY CODE
Subject category code TEC059000
Source bisacsh
072 #7 - SUBJECT CATEGORY CODE
Subject category code MQW
Source thema
082 04 - DEWEY DECIMAL CLASSIFICATION NUMBER
Classification number 610.28
Edition number 23
245 10 - TITLE STATEMENT
Title Biomechanics: Trends in Modeling and Simulation
Medium [electronic resource] /
Statement of responsibility, etc edited by Gerhard A. Holzapfel, Ray W. Ogden.
250 ## - EDITION STATEMENT
Edition statement 1st ed. 2017.
264 #1 -
-- Cham :
-- Springer International Publishing :
-- Imprint: Springer,
-- 2017.
300 ## - PHYSICAL DESCRIPTION
Extent IX, 316 p. 129 illus., 63 illus. in color.
Other physical details online resource.
336 ## -
-- text
-- txt
-- rdacontent
337 ## -
-- computer
-- c
-- rdamedia
338 ## -
-- online resource
-- cr
-- rdacarrier
347 ## -
-- text file
-- PDF
-- rda
490 1# - SERIES STATEMENT
Series statement Studies in Mechanobiology, Tissue Engineering and Biomaterials,
Міжнародний стандартний серійний номер для назви серії (ISSN) 1868-2006 ;
Том/ позначення послідовності 20
505 0# - FORMATTED CONTENTS NOTE
Formatted contents note Mixture theory for modeling biological tissues: illustrations from articular cartilage -- A bio-chemo-mechanical model for cell contractility, adhesion, signaling and stress-fiber remodeling -- Nonlinear continuum mechanics and modeling the elasticity of soft biological tissues with a focus on artery wall -- Microstructure and mechanics of human aortas in health and disease -- Arterial and atherosclerotic plaque biomechanics with application to stent angiopasty modeling -- Biomechanics of myocardial ischemia and infarction.
520 ## - SUMMARY, ETC.
Summary, etc The book presents a state-of-the-art overview of biomechanical and mechanobiological modeling and simulation of soft biological tissues. Seven well-known scientists working in that particular field discuss topics such as biomolecules, networks and cells as well as failure, multi-scale, agent-based, bio-chemo-mechanical and finite element models appropriate for computational analysis. Applications include arteries, the heart, vascular stents and valve implants as well as adipose, brain, collagenous and engineered tissues. The mechanics of the whole cell and sub-cellular components as well as the extracellular matrix structure and mechanotransduction are described. In particular, the formation and remodeling of stress fibers, cytoskeletal contractility, cell adhesion and the mechanical regulation of fibroblast migration in healing myocardial infarcts are discussed. The essential ingredients of continuum mechanics are provided. Constitutive models of fiber-reinforced materials with an emphasis on arterial walls and the myocardium are discussed and the important influence of residual stresses on material response emphasized. The mechanics and function of the heart, the brain and adipose tissues are discussed as well. Particular attention is focused on microstructural and multi-scale modeling, finite element implementation and simulation of cells and tissues.
506 ## - RESTRICTIONS ON ACCESS NOTE
Terms governing access Available to subscribing member institutions only. Доступно лише організаціям членам підписки.
506 ## - RESTRICTIONS ON ACCESS NOTE
Standardized terminology for access restriction Online access from local network of NaUOA.
506 ## - RESTRICTIONS ON ACCESS NOTE
Standardized terminology for access restriction Online access with authorization at https://link.springer.com/
506 ## - RESTRICTIONS ON ACCESS NOTE
Standardized terminology for access restriction Онлайн-доступ з локальної мережі НаУОА.
506 ## - RESTRICTIONS ON ACCESS NOTE
Standardized terminology for access restriction Онлайн доступ з авторизацією на https://link.springer.com/
650 #0 - SUBJECT ADDED ENTRY--TOPICAL TERM
Topical term or geographic name as entry element Biomedical engineering.
650 #0 - SUBJECT ADDED ENTRY--TOPICAL TERM
Topical term or geographic name as entry element Mathematical models.
650 #0 - SUBJECT ADDED ENTRY--TOPICAL TERM
Topical term or geographic name as entry element Mechanics.
650 #0 - SUBJECT ADDED ENTRY--TOPICAL TERM
Topical term or geographic name as entry element Mechanics, Applied.
650 #0 - SUBJECT ADDED ENTRY--TOPICAL TERM
Topical term or geographic name as entry element Biomaterials.
650 #0 - SUBJECT ADDED ENTRY--TOPICAL TERM
Topical term or geographic name as entry element Biophysics.
650 #0 - SUBJECT ADDED ENTRY--TOPICAL TERM
Topical term or geographic name as entry element Biological physics.
650 14 - SUBJECT ADDED ENTRY--TOPICAL TERM
Topical term or geographic name as entry element Biomedical Engineering and Bioengineering.
-- http://scigraph.springernature.com/things/product-market-codes/T2700X
650 24 - SUBJECT ADDED ENTRY--TOPICAL TERM
Topical term or geographic name as entry element Mathematical Modeling and Industrial Mathematics.
-- http://scigraph.springernature.com/things/product-market-codes/M14068
650 24 - SUBJECT ADDED ENTRY--TOPICAL TERM
Topical term or geographic name as entry element Theoretical and Applied Mechanics.
-- http://scigraph.springernature.com/things/product-market-codes/T15001
650 24 - SUBJECT ADDED ENTRY--TOPICAL TERM
Topical term or geographic name as entry element Biomaterials.
-- http://scigraph.springernature.com/things/product-market-codes/Z13000
650 24 - SUBJECT ADDED ENTRY--TOPICAL TERM
Topical term or geographic name as entry element Biological and Medical Physics, Biophysics.
-- http://scigraph.springernature.com/things/product-market-codes/P27008
700 1# - ADDED ENTRY--PERSONAL NAME
Personal name Holzapfel, Gerhard A.
Relator term editor.
Relator code edt
-- http://id.loc.gov/vocabulary/relators/edt
700 1# - ADDED ENTRY--PERSONAL NAME
Personal name Ogden, Ray W.
Relator term editor.
Relator code edt
-- http://id.loc.gov/vocabulary/relators/edt
710 2# - ADDED ENTRY--CORPORATE NAME
Corporate name or jurisdiction name as entry element SpringerLink (Online service)
773 0# - HOST ITEM ENTRY
Title Springer eBooks
776 08 - ADDITIONAL PHYSICAL FORM ENTRY
Display text Printed edition:
International Standard Book Number 9783319414737
776 08 - ADDITIONAL PHYSICAL FORM ENTRY
Display text Printed edition:
International Standard Book Number 9783319414744
776 08 - ADDITIONAL PHYSICAL FORM ENTRY
Display text Printed edition:
International Standard Book Number 9783319823645
830 #0 - SERIES ADDED ENTRY--UNIFORM TITLE
Uniform title Studies in Mechanobiology, Tissue Engineering and Biomaterials,
-- 1868-2006 ;
Volume number/sequential designation 20
856 40 - ELECTRONIC LOCATION AND ACCESS
Uniform Resource Identifier <a href="https://doi.org/10.1007/978-3-319-41475-1">https://doi.org/10.1007/978-3-319-41475-1</a>
912 ## -
-- ZDB-2-ENG
942 ## - ADDED ENTRY ELEMENTS (KOHA)
Koha item type ЕКнига

Немає доступних примірників.